LIBRARY & INFORMATION CENTRE, KCAET, TAVANUR

ONLINE PUBLIC ACCESS CATALOGUE (OPAC)

History of Kerala, Vol 1 / (Record no. 7562)

MARC details
000 -LEADER
fixed length control field 00474cam a2200193ua 4500
041 ## - LANGUAGE CODE
Language code of text/sound track or separate title eng
082 ## - DEWEY DECIMAL CLASSIFICATION NUMBER
Classification number 954.83
Item number PAD/HI
100 ## - MAIN ENTRY--AUTHOR NAME
Personal name Padmanabha Menon, K P .
245 ## - TITLE STATEMENT
Title History of Kerala, Vol 1 /
250 ## - EDITION STATEMENT
Edition statement 1 /
260 ## - PUBLICATION, DISTRIBUTION, ETC. (IMPRINT)
Place of publication Cochin :
Name of publisher Government Press ,
Year of publication 1924.
300 ## - PHYSICAL DESCRIPTION
Number of Pages 562 ; .
500 ## - GENERAL NOTE
General note **Reference
942 ## - ADDED ENTRY ELEMENTS (KOHA)
Koha item type Books
Holdings
Withdrawn status Lost status Damaged status Home library Current library Date acquired Full call number Accession Number Koha item type
Withdrawn     KAUAET KAUAET 07/04/2012 954.83 8442 Reference
free website counter